00250nam a2200097 a 450000500170000000800410001705000180005810000190007624500150009526000420011020140414131857.0100827s19uu xx 00 eng d aFILbAp4 2008 aMallari, Alice aApolakus!. aManila, Philippines :bAdarna,c2008.